| 000 | 00399nam a22001697a 4500 | ||
|---|---|---|---|
| 003 | OSt | ||
| 005 | 20211007155006.0 | ||
| 008 | 211007b |||||||| |||| 00| 0 eng d | ||
| 020 | _a0898590264 | ||
| 040 | _cHU | ||
| 082 | _a 155.4'13'0824/VOY | ||
| 100 |
_aGILBERT E. VOYAT _911383 |
||
| 245 | _aPIAGET SYSTEMATIZED | ||
| 260 |
_aNEW JERSEY _bLEA _c1982 |
||
| 300 | _a214P | ||
| 942 |
_2ddc _cBOOKS _n0 |
||
| 999 |
_c10519 _d10519 |
||